Uluslararası yeni işbölümü ve serbest bölgeler : (Record no. 200440002)

MARC details
000 -LEADER
fixed length control field 01757nam a2200409 i 4500
001 - CONTROL NUMBER
control field 200440002
003 - CONTROL NUMBER IDENTIFIER
control field TR-AnTOB
005 - DATE AND TIME OF LATEST TRANSACTION
control field 20251230093753.0
007 - PHYSICAL DESCRIPTION FIXED FIELD--GENERAL INFORMATION
fixed length control field ta
008 - FIXED-LENGTH DATA ELEMENTS--GENERAL INFORMATION
fixed length control field 210316s1982 tu g 00| 0 tur d
040 ## - CATALOGING SOURCE
Original cataloging agency TR-AnTOB
Language of cataloging eng
Description conventions rda
Transcribing agency TR-AnTOB
041 1# - LANGUAGE CODE
Language code of text/sound track or separate title Türkçe
Language code of original ger
050 1# - LIBRARY OF CONGRESS CALL NUMBER
Classification number HD9863.5
Item number .F7519 1982
090 ## - LOCALLY ASSIGNED LC-TYPE CALL NUMBER (OCLC); LOCAL CALL NUMBER (RLIN)
Classification number (OCLC) (R) ; Classification number, CALL (RLIN) (NR) HD9863.5
Local cutter number (OCLC) ; Book number/undivided call number, CALL (RLIN) .F7519 1982
100 1# - MAIN ENTRY--PERSONAL NAME
Personal name Fröbel, Folker
Relator term author
9 (RLIN) 129598
240 10 - UNIFORM TITLE
Uniform title Die neue internationale Arbeitsteilung, Strukturelle Arbeitslosigkeit in den Industrielander und Industrialisierung der Entwinklungslander.
Language of a work Turkish.
245 10 - TITLE STATEMENT
Title Uluslararası yeni işbölümü ve serbest bölgeler :
Remainder of title ek : Türkiye'de serbest bölge girişimleri 1923-1982 /
Statement of responsibility, etc. F. Fröbel, J. Heinrichs, O. Kreye ; çeviren Yılmaz Öner.
264 #1 - PRODUCTION, PUBLICATION, DISTRIBUTION, MANUFACTURE, AND COPYRIGHT NOTICE
Place of production, publication, distribution, manufacture İstanbul :
Name of producer, publisher, distributor, manufacturer Belge Yayınları,
Date of production, publication, distribution, manufacture, or copyright notice 1982.
300 ## - PHYSICAL DESCRIPTION
Extent 282 pages :
Other physical details tables ;
Dimensions 20 cm
336 ## - CONTENT TYPE
Source rdacontent
Content type term text
Content type code txt
337 ## - MEDIA TYPE
Source rdamedia
Media type term unmediated
Media type code n
338 ## - CARRIER TYPE
Source rdacarrier
Carrier type term volume
Carrier type code nc
490 ## - SERIES STATEMENT
Series statement Belge yayınları ;
Volume/sequential designation 15
500 ## - GENERAL NOTE
General note Translation of: Die neue internationale Arbeitsteilung, Strukturelle Arbeitslosigkeit in den Industrielander und Industrialisierung der Entwinklungslander.
650 #7 - SUBJECT ADDED ENTRY--TOPICAL TERM
Topical term or geographic name entry element Tekstil endüstrisi
Source of heading or term etuturkob
9 (RLIN) 123963
Topical term or geographic name entry element Giyim ticareti
Source of heading or term etuturkob
9 (RLIN) 123964
Topical term or geographic name entry element Dış ticaret ve istihdam
Source of heading or term etuturkob
9 (RLIN) 108989
Topical term or geographic name entry element Serbest limanlar ve bölgeler
Geographic subdivision Türkiye
Source of heading or term etuturkob
9 (RLIN) 18944
653 ## - INDEX TERM--UNCONTROLLED
Uncontrolled term Tekstil endüstrisi--Almanya (Batı)
Uncontrolled term Giyim ticareti--Almanya (Batı)
Uncontrolled term Yapısal işsizlik
Uncontrolled term Gelişmekte olan ülkeler--Endüstriler
700 1# - ADDED ENTRY--PERSONAL NAME
Personal name Öner, M. Yılmaz
Relator term translator
9 (RLIN) 8069
942 ## - ADDED ENTRY ELEMENTS (KOHA)
Source of classification or shelving scheme Library of Congress Classification
Koha item type Book
Holdings
Withdrawn status Lost status Source of classification or shelving scheme Not for loan Collection code Home library Current library Shelving location Date acquired Source of acquisition Total Checkouts Full call number Barcode Date last seen Copy number Date shelved Koha item type Public note
    Other/Generic Classification Scheme Ödünç Verilemez-Kurumiçi kullanım / Not for loan-For inhouse use TOBB Kütüphanesi Bağış Koleksiyonu - Klasik Merkez Kütüphane Merkez Kütüphane TOBB Bağışı Koleksiyonu / TOBB Gift Collection 01/07/2005 TOBB Devir / TOBB Transfer   TOBBK HD9863.5 .F7519 1982 T005137 16/03/2021 1 16/03/2021 Book Donated by TOBB
Devinim Yazılım Eğitim Danışmanlık tarafından Koha'nın orjinal sürümü uyarlanarak geliştirilip kurulmuştur.